000 00331 a2200157 4500
001 177667
020 _a
040 _cMagnum
100 _aMachado, Ana Maria
240 1 0 _aA velha misterirosa
_lpor
245 1 0 _aA velha misterirosa
362 0 _a1899
440 1 _aSalamandra
697 _aMAGNITO: I/ANIMAIS
942 _cBK
999 _c177667
_d177667